State Capitals Containing the Letter A - Statistics

General Stats
  • This quiz has been taken 226 times
  • The average score is 28 of 30
Answer Stats
Answer % Correct
Indianapolis
99%
Sacramento
99%
Austin
98%
Salem
98%
Tallahassee
98%
Albany
97%
Annapolis
97%
Nashville
97%
Baton Rouge
96%
Oklahoma City
96%
Carson City
95%
Jackson
95%
Olympia
95%
Topeka
95%
Augusta
93%
Helena
93%
Juneau
93%
Madison
93%
Bismarck
92%
Raleigh
92%
Salt Lake City
92%
Atlanta
91%
Frankfort
91%
Harrisburg
91%
Hartford
91%
Lansing
91%
Santa Fe
91%
Columbia
89%
Saint Paul
89%
Charleston
88%
No matching quizzes found
Score Distribution
Percent of People with Each Score
Percentile by Number Answered
Your Score History
You have not taken this quiz